Alle Hoofdsteden Van Zuid Amerika Op Een Kaart - Statistieken

Algemene statistieken
  • Deze quiz is 47 keer genomen
  • De gemiddelde score is 9 van 13
Antwoorden op de kaart
Antwoorden kleurgecodeerd door een groen-rode schaal op de quizkaart volgens % correct hieronder.
 
Antwoordstatistieken
Antwoord % Correct
Brasilia
100%
Buenos Aires
88%
Montevideo
76%
Paramaribo
76%
Santiago
76%
Bogota
71%
Lima
71%
Caracas
65%
La Paz
65%
Quito
65%
Sucre
59%
Asunción
53%
Georgetown
53%
Geen overeenkomende quizzen gevonden
Scoreverdeling
Procent van Mensen met Elke Score
Percentiel versus Aantal Correcte Antwoorden
Uw Scoregeschiedenis
U heeft deze quiz nog niet genomen